01657 2200445 4500001002100000005001500021035002000036007000300056008004100059020002200100082002100122084002300143100003800166245030200204250002600506300004000532650004100572700003000613700003600643700003100679700002500710700004200735700003700777700004000814700002800854700002800882700003000910264003500940336002100975337003000996338002301026040002201049090002201071850001201093999002201105990002201127990002001149990002001169990002201189INLIS00000000086150120210623124155 a0010-0621001036ta210623s2019 yoia g ind d a978-623-7587-65-1 223a379.19598272 a379.19598272 ALB p aAlbert Yakobus ChandraePengarang10aPengabdian peduli negeri : belajar toleransi di bawah langit Nglampengan /cAlbert Yakobus Chandra, Arum Pancawati, Erika Wulandari Abel, Imas Kurniawati, Indriyani, Luh Putu Picananda Aprilia, Maria Fransiska Lilus, Muhammad Supriyadiatmoko, Weni Agustri, Zaenal Arifin; penyunting, Zaenal Arifin aCetakan pertama, 2019 aviii, 77 halaman :bgambar ;c21 cm 4aKuliah kerja nyata--zDlingo, Bantul0 aArum PancawatiePengarang0 aErika Wulandari AbelePengarang0 aImas KurniawatiePengarang0 aIndriyaniePengarang0 aLuh Putu Picananda ApriliaePengarang0 aMaria Fransiska LilusePengarang0 aMuhammad SupriyadiatmokoePengarang0 aWeni AgustriePengarang0 aZaenal ArifiePengarang0 aZaenal ArifinePenyunting31aSleman :bMBridge Press,c2019 2rdacontentateks 2rdamediaatanpa perantara 2rdacarrieravolume aYOPDYOGbinderda aCB-D.11 2019-3298 aYOPDYOG aCB-D.11/2019-3298 aCB-D.11/2019-3298 a74032-PD/A.2026 a74032-PD/A.2026 aCB-D.11/2019-3298